Quizzes
Events
Quiz Creation
Community
Videos
Private Events
Remove Ads
Sign In
Join for FREE
Feedback
Dark Mode
Quiz Categories
Sports
Geography
Music
Movies
Television
Just For Fun
Miscellaneous
History
Literature
Language
Science
Gaming
Entertainment
Religion
Holiday
For Kids
Quiz Lab
Recent
Popular Today
Quiz Kudos Today
Editor Picks
Curator Picks
Quizzes by...
Day
Popularity
Type
Ratings
Length
Year
Community
Subscriptions
Recent Discussions
Orange Saloon
Badges
Playlists
Quests
Create
Leaderboards
Showdown
Live 5
Trivia Bingo
Activity
Puzzle Library
Sporcle Events
Private Events
Virtual Trivia
Globe League
Become a Host
Pub Owners
SporcleCon
Opinionation
Our Games
Videos
Blog
Mobile Apps
Partnerships
Remove Ads and Go Orange
Feedback
Religion
Mythology
Religious Music
World Religions
Bible
Christianity
Catholicism
Judaism
Church
Scripture
Islam
Verse
Religion
Mythology
Religious Music
World Religions
Bible
Christianity
Catholicism
Judaism
Church
Scripture
Islam
Verse
Random Quiz
Search Sporcle
×
Curator Pick
Curator Pick
Religion
Scripture
Type answers based on single images at one time
Type answers based on single images at one time
Slideshow
Best Score? Go Orange.
Bible Figures Slideshow Stats
Can you name the Bible Figures in This Slideshow?
By
awesomeness365
7m
25 Questions
1,600 Plays
1,600 Plays
1,600 Plays
Comments
Comments
Give Quiz Kudos
Give Quiz Kudos
-
- Ratings
hide this ad
More Info
Replay
Link that replays current quiz
Next Quiz
Link to next quiz in quiz playlist
You Got
0%
They Got
Avg Score
58%
Avg Friend Score
Upgrade to see
Score Distribution
Jump to the score distribution portion of the page
Score
0/25
Timer
07:00
0
Plays Today
% Correct
Noah
99.4%
Saul and David
85.7%
Moses
82.6%
Daniel
81.1%
Jonah
79.7%
Lazarus
74.5%
Abraham
71.7%
Peter and Jesus
70.3%
Jesus
66.2%
Paul and Silas
64.6%
Joseph and His Brothers
64.5%
Solomon
60.3%
James and John
56%
% Correct
Isaac and Jacob
54.9%
Samuel and Eli
54.6%
Rahab and the Two Spies
48.7%
Ruth and Boaz
47.8%
Elijah
45.8%
Peter and the Angel
44.7%
Deborah
43.1%
Gideon
42.7%
Balaam
38.3%
Philip and the Ethiopian Eunuch
34.1%
Jeremiah
24.8%
Joshua and the Angel of the Lord
16.2%
Quiz Playlist
Details
Report
Send in Message
Add To Playlist
More Info:
When Jesus is in a picture with someone else, the other person is the only answer that is accepted.
Slideshow:
Type answers based on single images at one time
Last Updated: Sep 22, 2017
Curator Pick in
Scripture
Quiz Scoreboard
CHALLENGE
Sign Up to Join the Scoreboard
Show All
Scores
Hide
Comments
May contain spoilers
Recently Published
College Basketball Coaching Resumes
by pancakes188
Sports
9m
Billboard Blitz: Fleetwood Mac
by CooCooCachoo
Music
15s
Presidents Visiting Landmarks
by Hejman
History
7m
More to Explore
Quiz From the Vault
Featured Blog Post
Where Did the Easter Bunny Come From?
hide this ad
You Might Also Like...
Tags
Bible Quiz
Scripture Quiz
Character
Slideshow
Today's Top Quizzes in Religion
Browse Religion
hide this ad
Today's Top Quizzes in Scripture
Browse Scripture
Top Contributed Quizzes in Religion
1
5-to-1: Children of Gods
2
5-to-1: European Churches
3
One Thing in Common: Mythology
4
10 to 1: Islam
5
One Thing in Common: Mythology II
6
Prime Time: Religion
7
Order Up: Seven Last Words of Christ
8
One Thing in Common: Religion
9
One Thing in Common: Religion and Mythology
10
Mythological Creature Bunker
Explore More
Trending Topics
Marvel
Crossword
Anime
NBA
Kpop
Harry Potter
Disney
Puzzle
Soccer
WWE
Song
Country
NFL
The Office
Pokémon
hide this ad
More By:
awesomeness365
Quiz
Plays
Rating
Category
Featured
Created
Harry Potter Venn Diagram
185,724
4.65
Literature
Aug 16, 2016
Male Actors by 3 Top Movies
157,504
4.69
Movies
Jan 24, 2017
Countries of the World Venn Diagram
150,009
4.61
Geography
Aug 19, 2016
Countries of the World Venn Diagram II
139,268
4.64
Geography
Sep 4, 2016
Celebrities Venn Diagram
121,294
4.33
Entertainment
Mar 18, 2017
Go to Creator's Profile
Score Distribution
Quiz Creator Spotlight
awesomeness365
Follow
Send a Message
Quizzes Created
-
Created Quiz Play Count
-
More By This Creator
Popular Quizzes Today
1
Find the US States - No Outlines Minefield
2
Find the Countries of Europe - No Outlines Minefield
3
The Countries of the World
4
Find the US States
5
Risky Map Clicking: Biggest States A-Z
6
US States
7
Popular People in 1961
8
Movies - When Are They Set?
More Religion Quizzes
Facts of his Life: Pope Francis
Editor's Pick
Trending Quizzes
Risky Map Clicking: Least Populous States A-Z
1-10 Letter G Words
1-10 Letter F Words
Risky Map Clicking: Next State Alphabetically
Risky Map Clicking: Biggest States A-Z
Recently Updated
Leaping Animals
pecheneg
Reality TV Shows (A-Z)
bhenderson79
Rickey Henderson's Hall of Fame Teammates
pecheneg
Champions League XIs: Arsenal
pecheneg
Quick Pick: Celebrities in WWE's Hall of Fame
aduchscher
A-Z Keypad Blitz II
pecheneg
Multiple Oscar Actors
pecheneg
Mystery Phrase Blitz: Oscar 'Best Actors'
pecheneg
F. Scott Fitzgerald Novels
LTH
Pick 3 Villains
ddd62291
Trending Topics
Anime
Disney
Harry Potter
Marvel
Kpop
Crossword
NBA
WWE
The Office
Pokémon
NFL
Soccer
Country
Song
Puzzle
Your Account Isn't Verified!
In order to create a playlist on Sporcle, you need to verify the email address you used during registration. Go to your
Sporcle Settings
to finish the process.
Report this User
Report this user for behavior that violates our
Community Guidelines
.
Details:
Send Report
Go to the Sporcle.com Mobile Site →
Comments